European Dependent Territories and their Capitals - Statistics

General Stats
  • This quiz has been taken 247 times
    227 since last reset
  • The average score is 9 of 14
Answer Stats
Answer % Correct
Territory Gibraltar
91%
Capital Gibraltar
91%
Territory Isle of Man
89%
Territory Faroe Islands
88%
Territory Jersey
81%
Territory Guernsey
79%
Territory Åland Islands
62%
Capital Douglas
60%
Territory Svalbard
58%
Capital Tórshavn
57%
Capital Saint Helier
37%
Capital Saint Peter Port
35%
Capital Mariehamn
34%
Capital Longyearbyen
32%
No matching quizzes found
Score Distribution
Percent of People with Each Score
Percentile by Number Answered
Your Score History
You have not taken this quiz since the last reset